<?xml version="1.0" encoding="UTF-8"?>
<record
    xmlns:xsi="http://www.w3.org/2001/XMLSchema-instance"
    xsi:schemaLocation="http://www.loc.gov/MARC21/slim http://www.loc.gov/standards/marcxml/schema/MARC21slim.xsd"
    xmlns="http://www.loc.gov/MARC21/slim">

  <leader>00590nam a22001937a 4500</leader>
  <controlfield tag="005">20260604110704.0</controlfield>
  <controlfield tag="008">260604b        |||||||| |||| 00| 0 eng d</controlfield>
  <datafield tag="020" ind1=" " ind2=" ">
    <subfield code="a">9781398618657</subfield>
    <subfield code="c">6113.27</subfield>
  </datafield>
  <datafield tag="040" ind1=" " ind2=" ">
    <subfield code="a">MAIN</subfield>
  </datafield>
  <datafield tag="041" ind1=" " ind2=" ">
    <subfield code="a">English</subfield>
  </datafield>
  <datafield tag="082" ind1=" " ind2=" ">
    <subfield code="a">658.155</subfield>
    <subfield code="b">BOO</subfield>
  </datafield>
  <datafield tag="100" ind1=" " ind2=" ">
    <subfield code="a">Boothroyd, Kate</subfield>
    <subfield code="9">26634</subfield>
  </datafield>
  <datafield tag="245" ind1=" " ind2=" ">
    <subfield code="a">Fundamentals of Risk Management</subfield>
    <subfield code="b"> : Understanding Evaluating And Implementing Effective Enterprise Risk Management</subfield>
  </datafield>
  <datafield tag="260" ind1=" " ind2=" ">
    <subfield code="a">United Kingdom </subfield>
    <subfield code="b">Kogan Page</subfield>
    <subfield code="c">2025</subfield>
  </datafield>
  <datafield tag="300" ind1=" " ind2=" ">
    <subfield code="a">443</subfield>
  </datafield>
  <datafield tag="650" ind1=" " ind2=" ">
    <subfield code="a">Commerce (PM USHA</subfield>
    <subfield code="9">26705</subfield>
  </datafield>
  <datafield tag="700" ind1=" " ind2=" ">
    <subfield code="a">Thompson, Clive </subfield>
    <subfield code="9">26635</subfield>
  </datafield>
  <datafield tag="942" ind1=" " ind2=" ">
    <subfield code="c">BK</subfield>
  </datafield>
  <datafield tag="999" ind1=" " ind2=" ">
    <subfield code="c">60984</subfield>
    <subfield code="d">60984</subfield>
  </datafield>
  <datafield tag="952" ind1=" " ind2=" ">
    <subfield code="0">0</subfield>
    <subfield code="1">0</subfield>
    <subfield code="2">ddc</subfield>
    <subfield code="4">0</subfield>
    <subfield code="6">658_155000000000000_BOO</subfield>
    <subfield code="7">0</subfield>
    <subfield code="9">94307</subfield>
    <subfield code="a">MAIN</subfield>
    <subfield code="b">MAIN</subfield>
    <subfield code="d">2026-06-04</subfield>
    <subfield code="l">0</subfield>
    <subfield code="o">658.155 BOO</subfield>
    <subfield code="p">34568</subfield>
    <subfield code="r">2026-06-04</subfield>
    <subfield code="w">2026-06-04</subfield>
    <subfield code="y">BK</subfield>
  </datafield>
  <datafield tag="952" ind1=" " ind2=" ">
    <subfield code="0">0</subfield>
    <subfield code="1">0</subfield>
    <subfield code="2">ddc</subfield>
    <subfield code="4">0</subfield>
    <subfield code="6">658_155000000000000_BOO</subfield>
    <subfield code="7">0</subfield>
    <subfield code="9">94308</subfield>
    <subfield code="a">MAIN</subfield>
    <subfield code="b">MAIN</subfield>
    <subfield code="d">2026-06-04</subfield>
    <subfield code="l">0</subfield>
    <subfield code="o">658.155 BOO</subfield>
    <subfield code="p">34569</subfield>
    <subfield code="r">2026-06-04</subfield>
    <subfield code="w">2026-06-04</subfield>
    <subfield code="y">BK</subfield>
  </datafield>
  <datafield tag="952" ind1=" " ind2=" ">
    <subfield code="0">0</subfield>
    <subfield code="1">0</subfield>
    <subfield code="2">ddc</subfield>
    <subfield code="4">0</subfield>
    <subfield code="6">658_155000000000000_BOO</subfield>
    <subfield code="7">0</subfield>
    <subfield code="9">94309</subfield>
    <subfield code="a">MAIN</subfield>
    <subfield code="b">MAIN</subfield>
    <subfield code="d">2026-06-04</subfield>
    <subfield code="l">0</subfield>
    <subfield code="o">658.155 BOO</subfield>
    <subfield code="p">34570</subfield>
    <subfield code="r">2026-06-04</subfield>
    <subfield code="w">2026-06-04</subfield>
    <subfield code="y">BK</subfield>
  </datafield>
  <datafield tag="952" ind1=" " ind2=" ">
    <subfield code="0">0</subfield>
    <subfield code="1">0</subfield>
    <subfield code="2">ddc</subfield>
    <subfield code="4">0</subfield>
    <subfield code="6">658_155000000000000_BOO</subfield>
    <subfield code="7">0</subfield>
    <subfield code="9">94310</subfield>
    <subfield code="a">MAIN</subfield>
    <subfield code="b">MAIN</subfield>
    <subfield code="d">2026-06-04</subfield>
    <subfield code="l">0</subfield>
    <subfield code="o">658.155 BOO</subfield>
    <subfield code="p">34571</subfield>
    <subfield code="r">2026-06-04</subfield>
    <subfield code="w">2026-06-04</subfield>
    <subfield code="y">BK</subfield>
  </datafield>
  <datafield tag="952" ind1=" " ind2=" ">
    <subfield code="0">0</subfield>
    <subfield code="1">0</subfield>
    <subfield code="2">ddc</subfield>
    <subfield code="4">0</subfield>
    <subfield code="6">658_155000000000000_BOO</subfield>
    <subfield code="7">0</subfield>
    <subfield code="9">94311</subfield>
    <subfield code="a">MAIN</subfield>
    <subfield code="b">MAIN</subfield>
    <subfield code="d">2026-06-04</subfield>
    <subfield code="l">0</subfield>
    <subfield code="o">658.155 BOO</subfield>
    <subfield code="p">34572</subfield>
    <subfield code="r">2026-06-04</subfield>
    <subfield code="w">2026-06-04</subfield>
    <subfield code="y">BK</subfield>
  </datafield>
</record>
